[Event "ESP-ch Rapid 2018"]
[Site "Linares"]
[Date "2018.08.19"]
[Round "1"]
[White "Marino Bravo, Marco Antonio"]
[Black "Cuenca Jimenez, Jose Fernando"]
[Result "0-1"]
[WhiteElo "2083"]
[BlackElo "2506"]
[Annotator "TA"]
[PlyCount "105"]
[EventDate "2018.08.19"]
[EventType "team-tourn"]
[EventCountry "ESP"]
[SourceTitle "playchess.com"]
[Source "ChessBase"]
[SourceQuality "1"]

{[%evp 15,105,12,21,-14,0,-44,-45,-56,-66,-63,-50,-186,-168,-173,-171,-175,-167,-179,-169,-164,-169,-189,-177,-196,-184,-179,-168,-177,-175,-182,-176,-177,-178,-157,-135,-135,-137,-134,-137,-136,-135,-133,-127,-133,-112,-118,-113,-163,-163,-160,-163,-197,-198,-219,-212,-221,-221,-214,-218,-241,-228,-254,-256,-289,-284,-574,-379,-691,-722,-705,-741,-981,-938,-1153,-1149,-1058,-1028,-1426,-1384,-1568,-516,-431,-359,-1496,-1418,-5627,-5614,-5131,-3707,-5622,-2113,-1494]} 1. e4 e5 2. Nf3 Nc6 3. Nc3 {[%cal Bb1c3,Bc3e2,Be2g3,Bg3f5][%mdl 32]} Nf6 4. Bb5 Bd6 5. d3 h6 6. O-O {C48: Four Knights: 4 Bb5, replies other than 4...Bb4} (6. Ne2 a6 7. Ba4 b5 8. Bb3 Na5 9. d4 Nxb3 10. axb3 Nxe4 11. dxe5 Bc5 12. Qd5 Bxf2+ 13. Kf1 {½-½ (49) Inarkiev,E (2689)-Svidler,P (2765) St Petersburg 2017}) 6... O-O 7. Ne2 Re8 8. Ng3 Bf8 {LiveBook: 17 Games} 9. Nf5 $146 ({Predecessor:} 9. a3 d6 10. Bc4 Be6 11. Bxe6 Rxe6 12. d4 exd4 13. Nxd4 Nxd4 14. Qxd4 {½-½ (24) Fell,S (2301)-Real de Azua,E (2494) Caba 2018}) 9... a6 10. Bc4 (10. Bxc6 $5 bxc6 11. Ng3 $11) 10... Na5 11. Bb3 Nxb3 12. axb3 d5 13. Bd2 ({White should play} 13. Ng3 $1 $15) 13... dxe4 $19 14. dxe4 Nxe4 15. Ne3 Nxd2 16. Qxd2 Qxd2 17. Nxd2 Be6 18. Rfe1 f6 19. Ndc4 Rad8 20. Red1 Kf7 21. Kf1 Be7 22. Na5 Rxd1+ 23. Rxd1 Bc8 24. Ke2 Bb4 25. Nac4 Be6 26. Nd5 Bxd5 27. Rxd5 $17 {[%mdl 4096] Endgame KRB-KRN} Ke6 28. Rd1 f5 29. c3 Bd6 30. h3 g6 31. Na5 b6 32. Nc4 a5 33. Rd3 Rd8 34. Rg3 Kf6 35. Rd3 Be7 36. Rxd8 Bxd8 $19 {KB-KN} 37. f3 Ke6 38. Kd3 Bg5 39. Na3 Kd5 40. Nc4 $2 (40. Kc2) 40... e4+ 41. Ke2 $2 {[#]} (41. Kc2) 41... a4 $1 {[%mdl 512]} 42. Na3 (42. bxa4 exf3+) 42... axb3 43. Nb5 c6 {[%cal Bc7c6,Bc6c5][%mdl 32]} 44. Nd4 Bc1 45. Nxb3 Bxb2 46. Kd2 c5 47. Kc2 Ba3 (47... e3 $142 48. h4 e2) 48. fxe4+ fxe4 49. Kd2 $2 {[#]} (49. Nd2 b5 50. Nf1) 49... Kc4 {Black is clearly winning.} 50. Na1 Bb2 51. Nc2 Bxc3+ 52. Ke3 Kd5 53. Na3 {Precision: White = 33%, Black = 75%.} 0-1

[Event "ESP-ch Rapid 2018"]
[Site "Linares"]
[Date "2018.08.19"]
[Round "1"]
[White "Crespo Ruiz, Manuel Maria"]
[Black "Tejedor Fuente, Enrique"]
[Result "0-1"]
[WhiteElo "2026"]
[BlackElo "2408"]
[Annotator "NA RC"]
[PlyCount "61"]
[EventDate "2018.08.19"]
[EventType "team-tourn"]
[EventCountry "ESP"]
[SourceTitle "playchess.com"]
[Source "ChessBase"]
[SourceQuality "1"]
[TimeControl "900+5"]

1. d4 {[%emt 0:00:00]} Nf6 {[%emt 0:00:03]} 2. Nf3 {[%emt 0:00:02]} d5 {[%emt 0:00:26]} 3. Bg5 {[%emt 0:00:51]} Nbd7 {[%emt 0:00:31]} 4. e3 {[%emt 0:00:05]} h6 {[%emt 0:00:36]} 5. Bh4 {[%emt 0:00:04]} c5 {[%emt 0:00:13]} 6. Nbd2 {[%emt 0:00:05]} b6 {[%emt 0:00:15]} 7. c3 {[%emt 0:00:05]} Bb7 {[%emt 0:00:19]} 8. Bd3 {[%emt 0:00:10]} g6 {[%emt 0:00:32]} 9. O-O {[%emt 0:00:33]} Bg7 {[%emt 0:00:01]} 10. Qe2 {[%emt 0:00:18]} O-O {[%emt 0:00:06]} 11. Ne5 {[%emt 0:00:32]} Ne4 {[%emt 0:01:39]} 12. f4 {[%emt 0:01:37]} Nxd2 {[%emt 0:00:44]} 13. Qxd2 {[%emt 0:00:06]} Nf6 {[%emt 0:00:07]} 14. g4 {[%emt 0:02:37]} Ne4 {[%emt 0:01:15]} 15. Qe2 {[%emt 0:00:34]} Kh7 {[%emt 0:00:45]} 16. Rad1 {[%emt 0:01:44]} f6 {[%emt 0:01:01]} 17. Nf3 {[%emt 0:02:18]} a5 {[%emt 0:01:04]} 18. c4 {[%emt 0:00:39]} Qc8 {[%emt 0:00:37]} 19. h3 {[%emt 0:01:30]} dxc4 {[%emt 0:00:51]} 20. Bxc4 {[%emt 0:00:13]} Nd6 {[%emt 0:00:07]} 21. Bd3 {[%emt 0:00:32]} c4 {[%emt 0:00:04]} 22. Bc2 {[%emt 0:00:27]} Qc6 {[%emt 0:01:19]} 23. d5 {[%emt 0:00:26]} Qc5 {[%emt 0:00:05]} 24. Qd2 {[%emt 0:00:23]} Rac8 {[%emt 0:00:23]} 25. Bf2 {[%emt 0:00:51]} c3 {[%emt 0:00:06]} 26. bxc3 {[%emt 0:00:03]} Qxc3 {[%emt 0:00:03]} 27. Qxc3 {[%emt 0:00:21]} Rxc3 {[%emt 0:00:01]} 28. Ba4 {[%emt 0:00:03]} b5 {[%emt 0:00:04]} 29. Bb3 {[%emt 0:00:08]} a4 {[%emt 0:00:02]} 30. Be1 {[%emt 0:00:01]} Rcc8 {[%emt 0:00:16]} 31. Nd4 0-1

[Event "ESP-ch Rapid 2018"]
[Site "Linares"]
[Date "2018.08.19"]
[Round "1"]
[White "Bento Iglesias, Pablo"]
[Black "Santos Ruiz, Miguel"]
[Result "1-0"]
[WhiteElo "2007"]
[BlackElo "2517"]
[Annotator "TA"]
[PlyCount "135"]
[EventDate "2018.08.19"]
[EventType "team-tourn"]
[EventCountry "ESP"]
[SourceTitle "playchess.com"]
[Source "ChessBase"]
[SourceQuality "1"]

{[%evp 22,135,-50,-48,48,55,261,232,308,306,311,320,313,315,298,289,303,245,370,384,373,303,311,300,296,296,287,296,341,337,391,299,331,230,366,364,350,352,491,493,472,477,445,447,445,352,352,333,393,399,498,498,549,539,508,502,499,446,608,593,660,597,651,648,660,660,646,627,683,600,571,537,583,250,681,664,646,639,582,572,575,570,544,511,695,671,789,809,799,780,626,471,776,727,959,967,1844,1531,5272,5962,29986,29987,29987,29988,29988,29983,29983,29984,29984,29985,29985,29986,29986,29987,29988,29989]} 1. e4 c5 2. c3 Nf6 3. e5 Nd5 4. d4 cxd4 5. Nf3 d6 6. cxd4 Nc6 7. Bc4 Nb6 8. Bxf7+ {B22: Sicilian: 2 c3} (8. Bb5 dxe5 9. Nxe5 Bd7 10. Nxd7 Qxd7 11. Nc3 e6 12. O-O Rd8 13. Be3 Be7 14. Qb3 O-O 15. Rad1 Qd6 16. a3 Na5 17. Qa2 Nd5 18. Be2 Nc6 19. Nxd5 exd5 20. g3 {½-½ (57) Boruchovsky,A (2558)-Yilmaz,M (2624) Rio Achaea 2018}) 8... Kxf7 9. e6+ Kxe6 10. Ng5+ Kd7 11. Nf7 Qe8 12. Nxh8 {LiveBook: 3 Games} g6 $146 (12... e6 $15) ({Predecessor:} 12... e6 13. Nc3 g6 14. O-O Bg7 15. Nxg6 Qxg6 {0-1 (66) Rainer Zufall,R (2511)-Flying Saucers (2429) playchess.com INT 2007}) 13. d5 $14 Nb4 $2 ({Black should try} 13... Nd8 $14) 14. Qg4+ $18 Kc7 15. Qxb4 Bg7 16. Nc3 Qxh8 17. Nb5+ Kb8 {[#]} 18. Nxd6 $1 {Threatens to win with Nf7.} Nxd5 (18... exd6 19. Qxd6#) 19. Qb3 e6 (19... Bc3+ {is a better defense.} 20. bxc3 Qe5+ 21. Kf1 Qxd6) 20. O-O a5 21. Nxc8 Qxc8 22. Bg5 Ra6 23. Rac1 Qd7 24. Qg3+ Ka8 25. Rfd1 Bxb2 26. Rc2 Bg7 27. Be3 {Black must now prevent Rc7!} Rc6 (27... Rd6 $142 28. h3 b6 29. Rc8+ Kb7) 28. Rxc6 Qxc6 29. Qh4 {White wants to mate with Qd8+.} Be5 30. Qd8+ Bb8 31. Qxa5+ Qa6 32. Qxa6+ bxa6 {[%mdl 4096] Endgame KRB-KBN} 33. Rc1 Kb7 34. Bd4 Bd6 35. Re1 Nc7 36. Be5 Kc6 37. Rc1+ Kd7 38. Bxd6 Kxd6 {KR-KN} 39. f3 Nb5 40. Rc8 Kd5 41. Rh8 Nc3 42. Ra8 Nxa2 43. Rxa6 Nc3 44. Ra7 h5 45. g3 Ke5 46. Kf2 Kf6 47. Ra6 (47. f4 $142 Nd5 48. Ra6) 47... Nd5 $2 (47... g5 48. Ke3 Nd5+ 49. Ke4 Nc3+ 50. Kd4 Nd5) 48. f4 Nb4 49. Rd6 Ke7 50. Rd4 Nd5 51. Kf3 Kf6 52. Ra4 Nb6 53. Ra6 Nd5 54. h3 {[%cal Bh2h3,Bh3g4][%mdl 32]} Nb4 55. Rd6 Ke7 56. Rd1 Nc6 (56... Kf6 $142 57. Rb1 Nd5) 57. Ke4 Kf6 58. g4 hxg4 59. hxg4 g5 60. Rd6 Ne7 61. f5 {White mates.} Ng8 62. Rxe6+ Kf7 63. Rg6 Nf6+ {[#]} 64. Rxf6+ $1 Kxf6 65. Kd5 Kf7 66. Ke5 Ke7 67. f6+ Kf7 68. Kf5 {Precision: White = 74%, Black = 31%.} 1-0

[Event "ESP-ch Rapid 2018"]
[Site "Linares"]
[Date "2018.08.19"]
[Round "1"]
[White "Blazquez Gomez, Miguel"]
[Black "Perez Candelario, Manuel"]
[Result "1/2-1/2"]
[WhiteElo "1998"]
[BlackElo "2611"]
[Annotator "TA"]
[PlyCount "188"]
[EventDate "2018.08.19"]
[EventType "team-tourn"]
[EventCountry "ESP"]
[SourceTitle "playchess.com"]
[Source "ChessBase"]
[SourceQuality "1"]

{[%evp 16,188,0,0,0,0,0,-14,-15,-15,-15,-37,-8,-8,-12,-12,-10,-10,-12,-17,-13,-7,0,-57,0,0,0,0,0,0,0,0,0,0,10,0,0,0,0,0,9,0,20,5,22,18,20,17,29,0,0,0,0,0,0,0,0,0,0,0,0,0,0,-2,-2,-36,-48,-81,-32,-23,-26,-72,-55,-58,-60,-89,-79,-92,-60,-114,0,-132,-125,-93,-50,-69,-26,-13,-41,-86,-7,-112,-103,-121,-87,-94,-8,-8,-7,-8,0,-15,0,-8,-8,-8,-8,-8,-8,-10,-10,-45,-15,-30,-8,-8,-8,-8,-8,-133,-133,-133,-133,-133,0,0,0,-133,-133,-133,-133,-133,-133,-133,-133,-133,-133,-133,-133,-133,-133,-133,-133,-133,0,0,0,-189,0,0,0,-6,0,0,0,0,0,0,0,0,0,0,0,0,0,0,0,0,0,0,0,0,0,0,0]} 1. b3 e5 2. Bb2 Nc6 3. e3 Nf6 4. Bb5 Bd6 5. Na3 Na5 (5... e4 6. Nc4 Be7 7. Bxc6 bxc6 8. Ne2 a5 9. O-O a4 10. d3 exd3 11. cxd3 axb3 12. axb3 Rxa1 13. Qxa1 {1-0 (27) Karjakin,S (2782)-Giri,A (2782) Leuven 2018}) 6. Nf3 {A01: Nimzowitsch-Larsen Opening} a6 7. Be2 Qe7 8. Nc4 Nxc4 9. bxc4 {LiveBook: 3 Games} b6 10. O-O Bb7 $146 ({Predecessor:} 10... O-O 11. Rb1 Rb8 12. Nh4 g6 13. Nf3 {0-1 (64) Velker,W (2238)-Foster,K (2299) ICCF email 2011}) 11. d4 exd4 12. exd4 O-O 13. Ne5 Ba3 14. Bxa3 Qxa3 15. Qd3 Qxd3 16. cxd3 Rfe8 17. Bf3 Bxf3 18. Nxf3 Re2 19. Rfe1 (19. a4 $11) 19... Rb2 (19... Rae8 $15) 20. Reb1 $11 Rc2 21. Rc1 Rxc1+ 22. Rxc1 {[%mdl 4096] Endgame KRN-KRN} Kf8 23. Kf1 d6 24. a4 a5 25. d5 Nd7 26. d4 Nf6 27. Nd2 Rc8 28. f3 Rd8 29. Ke2 Ng8 30. Kd3 Ne7 31. Ne4 h6 32. Nc3 Ke8 33. g4 Kd7 34. Ne4 Rf8 35. Ng3 f5 36. gxf5 Nxf5 37. f4 Nh4 38. Rf1 g6 39. Ke4 Nf5 {White must now prevent ...Re8+.} 40. Nxf5 (40. Kd3 {keeps more tension.} Ng7 41. Ke4 Kd8 42. Rb1 Ke7 43. Re1) 40... gxf5+ {KR-KR} 41. Kf3 Rg8 42. Rc1 Re8 43. Rg1 Re4 $1 {[%cal Re4d4]} 44. Rd1 Ke7 45. Rd2 Kf7 46. Rd1 Kf6 47. Rd2 (47. h4 $15) 47... Kg7 (47... h5 $17 48. h4 Re1) 48. Rg2+ {[#]} (48. Re2 $11 {remains equal.} Rxe2 49. Kxe2) 48... Kf7 $1 $17 49. Rd2 Re1 50. c5 $1 bxc5 (50... Rf1+ {seems wilder.} 51. Kg3 Rb1 52. Rc2 Rb3+ 53. Kf2 Rh3) 51. dxc5 Ra1 52. cxd6 cxd6 ({Better is} 52... Ra3+ $17 53. Kf2 cxd6) 53. Rd4 (53. Re2 $1 $11) 53... Ra3+ 54. Kf2 Kg6 55. Rc4 {[#]} Kh5 (55... Rd3 $1 $17 56. Rc8 Kh5) 56. Rc6 $11 Kg4 57. Rxd6 h5 58. Ra6 Rxa4 59. d6 Kxf4 {And now ...Ra2+ would win.} 60. d7 Rd4 61. Rxa5 Rd2+ ({Don't take} 61... Rxd7 62. Ra4+ Ke5 63. Rh4 $15) 62. Kg1 Rxd7 {White should prevent ...Kg4.} 63. Ra4+ Ke3 {aiming for ...f4.} (63... Kf3 {is more complex.} 64. Ra3+ Kg4 65. Rg3+ Kf4 66. Rg8 h4) 64. Kg2 f4 65. Ra3+ Ke4 {...Rd2+ is the strong threat.} 66. Ra4+ Rd4 67. Ra5 (67. Ra2 $11) 67... Rd2+ $17 68. Kg1 h4 {[%cal Bh5h4,Bh4h3][%mdl 32]} 69. Ra4+ Ke3 (69... Kf3 $17 {[%cal Rd2d1]} 70. Ra3+ Ke4) 70. Ra3+ $1 $11 Rd3 (70... Kd4 {looks sharper.} 71. Ra4+ Ke5 72. Ra5+ Kf6 73. Rh5 h3) 71. Ra1 (71. Rxd3+ $1 $11 {was the only way to keep the balance.} Kxd3 72. Kf2) 71... h3 $17 72. Re1+ Kf3 73. Rf1+ Ke2 74. Rf2+ Ke3 {( -> ...Rd1+)} 75. Rf1 Rd2 {Hoping for ...Rg2+.} 76. Re1+ Re2 {[%cal Re2e1]} 77. Ra1 Rg2+ 78. Kh1 Rd2 79. Kg1 f3 (79... Kf3 $17 80. Rb1 Rc2) 80. Ra3+ $19 Ke2 {[%cal Rd2d1]} 81. Ra1 Rd3 $2 (81... f2+ $19 82. Kh1 Rc2) 82. Ra2+ $11 {The position is equal.} Ke3 {[%cal Rd3d1]} 83. Ra1 f2+ 84. Kf1 Kf3 85. Rb1 Re3 86. Ra1 Rb3 87. Rc1 Ke3 88. Ra1 $1 Kf3 89. Rc1 Kg4 90. Kxf2 Rb2+ 91. Kg1 Rg2+ 92. Kh1 Rf2 93. Kg1 Re2 94. Rc4+ Kg5 {Precision: White = 68%, Black = 47%.} 1/2-1/2

[Event "ESP-ch Rapid 2018"]
[Site "Linares"]
[Date "2018.08.19"]
[Round "1"]
[White "Ruiz Casado, Francisco Javier"]
[Black "Ibarra Jerez, Jose Carlos"]
[Result "0-1"]
[WhiteElo "1975"]
[BlackElo "2570"]
[Annotator "TA"]
[PlyCount "76"]
[EventDate "2018.08.19"]
[EventType "team-tourn"]
[EventCountry "ESP"]
[SourceTitle "playchess.com"]
[Source "ChessBase"]
[SourceQuality "1"]

{[%evp 16,76,16,8,30,31,28,0,0,0,22,14,55,0,52,25,75,35,66,70,67,75,77,18,26,20,61,3,50,35,59,66,64,72,72,62,86,0,0,0,0,-1,5,6,81,79,157,0,180,157,152,-36,0,-12,-4,-4,-4,-4,-11,-11,-11,-863,-893]} 1. d4 Nf6 2. c4 d6 3. Nf3 g6 4. e3 Bg7 5. Be2 O-O 6. O-O Nbd7 7. Nc3 e5 8. b4 {[%cal Bb2b4,Bb4b5][%mdl 32]} a5 9. b5 {LiveBook: 5 Partien. E61: Königsindisch (Abweichungen der Hauptvariante)} b6 (9... Re8 10. Qc2 exd4 11. Nxd4 Nc5 12. Bb2 Bg4 13. f3 Bd7 14. e4 Nh5 15. Rfd1 f5 16. Nb3 Nxb3 17. axb3 {0-1 (31) Predke,A (2464)-Khanin,S (2270) St Petersburg 2013}) 10. a4 Bb7 11. Ba3 {Weiß hat minimalen Vorteil.} Re8 12. Rc1 Bf8 13. Nd2 $146 ({Vorgänger:} 13. Qb3 h6 14. Rfd1 Rc8 15. h3 Qe7 16. Rd2 Qe6 {½-½ (37) Campbell,I (2003)-Gorman,J Liverpool 2006}) 13... h5 14. Nb3 (14. Bf3 $14 Qc8 15. Qc2) 14... h4 ({Besser ist} 14... exd4 $11 15. exd4 Ne4) 15. h3 Nh7 16. Nd5 Bxd5 17. cxd5 e4 18. Rc6 Nhf6 19. Qc2 (19. Nd2 $1 $16) 19... Nxd5 $11 20. Nd2 N7f6 21. Rc1 (21. Bc4 $14 Qe7 22. Rc1) 21... Ra7 22. Bc4 Qe7 23. Qb3 Nb4 24. Bxb4 axb4 25. Qxb4 Qd8 {Droht ...d5 und aus.} 26. Bb3 ({Lieber} 26. Qb1 $16) 26... d5 27. Qc3 Bd6 28. Nb1 Qd7 29. Qc2 g5 (29... Kg7 $11) 30. Nc3 $16 Qf5 {[#]} (30... g4 $142) 31. Qa2 $2 (31. f3 $1 $16 {[%mdl 512]}) 31... Rea8 $2 (31... g4 $11 32. hxg4 (32. Nxd5 Nxd5 33. hxg4 Qxg4 $14) (32. Bxd5 Re7 $16) 32... Qxg4 33. Nxd5 Nxd5 34. Bxd5 h3) 32. Qe2 ({Nicht} 32. Nxd5 $2 Nxd5 33. Qd2 (33. Bxd5 $2 Rxa4 34. Bxf7+ Qxf7 $19) 33... Kg7 $19) 32... Kh8 {[#]} 33. Na2 $2 (33. Rf1 $1 $16) 33... Re8 34. R6c2 g4 35. hxg4 Nxg4 $40 {[%mdl 128] Schwarz startet einen Angriff.} 36. Bxd5 $1 Rg8 37. Nc3 Nf6 38. Bxf7 $2 {[%mdl 8192] [#]} (38. Bc6 $11) 38... Qh3 $1 {[%mdl 512] Precision: Weiß = 29%, Schwarz = 33%.} 0-1

[Event "ESP-ch Rapid 2018"]
[Site "Linares"]
[Date "2018.08.19"]
[Round "1"]
[White "Hernandez Perez, Juan Carlos"]
[Black "Pallardo Lozoya, Jose Vicente"]
[Result "0-1"]
[WhiteElo "1946"]
[BlackElo "2382"]
[Annotator "ChessBase"]
[PlyCount "98"]
[EventDate "2018.08.19"]
[EventType "team-tourn"]
[EventCountry "ESP"]
[SourceTitle "playchess.com"]
[Source "ChessBase"]
[SourceQuality "1"]
[TimeControl "900+5"]

1. e4 {[%emt 0:00:00]} c6 {[%emt 0:00:00]} 2. Nf3 {[%emt 0:00:01]} d5 {[%emt 0:00:00]} 3. exd5 {[%emt 0:00:10]} cxd5 {[%emt 0:00:01]} 4. d4 {[%emt 0:00:01]} a6 {[%emt 0:00:27]} 5. Bd3 {[%emt 0:00:08]} Bg4 {[%emt 0:00:08]} 6. c3 {[%emt 0:00:06]} Nc6 {[%emt 0:00:17]} 7. O-O {[%emt 0:00:21]} Nf6 {[%emt 0:00:15]} 8. Re1 {[%emt 0:00:24]} e6 {[%emt 0:00:06]} 9. Bg5 {[%emt 0:00:29]} Be7 {[%emt 0:00:14]} 10. Nbd2 {[%emt 0:00:10]} Rc8 {[%emt 0:02:34]} 11. Nf1 {[%emt 0:01:53]} Qb6 {[%emt 0:00:51]} 12. Rb1 {[%emt 0:01:16]} Qc7 {[%emt 0:02:33]} 13. Ne3 {[%emt 0:00:16]} Bh5 {[%emt 0:00:08]} 14. Bxf6 {[%emt 0:00:16]} gxf6 {[%emt 0:00:02]} 15. Kh1 {[%emt 0:01:45]} Qf4 {[%emt 0:01:51]} 16. Nf1 {[%emt 0:02:30]} Bxf3 {[%emt 0:01:05]} 17. Qxf3 {[%emt 0:00:08]} Qxf3 {[%emt 0:00:01]} 18. gxf3 {[%emt 0:00:03]} Bd6 {[%emt 0:00:31]} 19. Ng3 {[%emt 0:00:11]} h5 {[%emt 0:00:22]} 20. Nf5 {[%emt 0:02:18]} Be7 {[%emt 0:00:36]} 21. Ne3 {[%emt 0:00:04]} f5 {[%emt 0:00:33]} 22. Rg1 {[%emt 0:00:13]} Kf8 {[%emt 0:00:22]} 23. Rbe1 {[%emt 0:00:54]} Bf6 {[%emt 0:00:15]} 24. Ng2 {[%emt 0:00:42]} Be7 {[%emt 0:00:12]} 25. Nf4 {[%emt 0:00:15]} Rh6 {[%emt 0:00:03]} 26. Rg2 {[%emt 0:00:10]} Bd6 {[%emt 0:00:06]} 27. Nh3 {[%emt 0:00:14]} Ne7 {[%emt 0:00:26]} 28. Ng5 {[%emt 0:00:16]} h4 {[%emt 0:00:04]} 29. h3 {[%emt 0:00:12]} Bf4 {[%emt 0:00:10]} 30. Bc2 {[%emt 0:00:39]} Rc6 {[%emt 0:00:06]} 31. Ba4 {[%emt 0:00:03]} b5 {[%emt 0:00:05]} 32. Bc2 {[%emt 0:00:02]} Ng6 {[%emt 0:00:30]} 33. a4 {[%emt 0:00:02]} b4 {[%emt 0:00:02]} 34. Bd3 {[%emt 0:00:12]} bxc3 {[%emt 0:00:04]} 35. bxc3 {[%emt 0:00:01]} Bxg5 {[%emt 0:00:59]} 36. Rxg5 {[%emt 0:00:02]} a5 {[%emt 0:00:02]} 37. Rc1 {[%emt 0:00:20]} Ke7 {[%emt 0:00:06]} 38. Bb5 {[%emt 0:00:05]} Rc7 {[%emt 0:00:06]} 39. Kh2 {[%emt 0:00:08]} Rh8 {[%emt 0:00:03]} 40. Rgg1 {[%emt 0:00:06]} Rhc8 {[%emt 0:00:02]} 41. Rg5 {[%emt 0:00:29]} Rxc3 {[%emt 0:00:03]} 42. Rxc3 {[%emt 0:00:02]} Rxc3 {[%emt 0:00:01]} 43. Rh5 {[%emt 0:00:09]} Rxf3 {[%emt 0:00:07]} 44. Kg1 {[%emt 0:00:03]} Rxh3 {[%emt 0:00:09]} 45. Rg5 {[%emt 0:00:08]} Rc3 {[%emt 0:00:10]} 46. Kf1 {[%emt 0:00:05]} Rc2 {[%emt 0:00:11]} 47. Ke1 {[%emt 0:00:07]} Kf6 {[%emt 0:00:01]} 48. Rg2 {[%emt 0:00:09]} Rb2 {[%emt 0:00:15]} 49. Be8 {[%emt 0:00:03]} Rb4 {[%emt 0:00:02]} 0-1

[Event "ESP-ch Rapid 2018"]
[Site "Linares"]
[Date "2018.08.19"]
[Round "1"]
[White "Alonso, Jose Antonio"]
[Black "Estremera Panos, Sergio"]
[Result "0-1"]
[WhiteElo "1920"]
[BlackElo "2337"]
[Annotator "NA"]
[PlyCount "66"]
[EventDate "2018.08.19"]
[EventType "team-tourn"]
[EventCountry "ESP"]
[SourceTitle "playchess.com"]
[Source "ChessBase"]
[SourceQuality "1"]
[TimeControl "900+5"]

1. e4 {[%emt 0:00:00]} c5 {[%emt 0:00:00]} 2. Nf3 {[%emt 0:00:01]} e6 {[%emt 0:00:00]} 3. b3 {[%emt 0:00:02]} Nc6 {[%emt 0:00:05]} 4. Bb2 {[%emt 0:00:01]} d6 {[%emt 0:00:02]} 5. Bb5 {[%emt 0:00:08]} Nf6 {[%emt 0:00:08]} 6. Nc3 {[%emt 0:00:05]} Bd7 {[%emt 0:00:05]} 7. O-O {[%emt 0:00:03]} Be7 {[%emt 0:00:01]} 8. h3 {[%emt 0:00:55]} O-O {[%emt 0:00:03]} 9. Re1 {[%emt 0:00:22]} Qb6 {[%emt 0:01:00]} 10. a4 {[%emt 0:00:39]} a6 {[%emt 0:00:35]} 11. Be2 {[%emt 0:01:18]} Nd4 {[%emt 0:00:33]} 12. Bd3 {[%emt 0:00:27]} e5 {[%emt 0:00:26]} 13. Nd5 {[%emt 0:00:14]} Nxd5 {[%emt 0:00:04]} 14. exd5 {[%emt 0:00:05]} f5 {[%emt 0:00:12]} 15. Rb1 {[%emt 0:00:47]} Bf6 {[%emt 0:00:19]} 16. Nxd4 {[%emt 0:00:28]} cxd4 {[%emt 0:00:05]} 17. c4 {[%emt 0:00:34]} e4 {[%emt 0:00:56]} 18. Bf1 {[%emt 0:00:12]} d3 {[%emt 0:00:08]} 19. Bxf6 {[%emt 0:00:06]} Rxf6 {[%emt 0:00:02]} 20. Kh2 {[%emt 0:00:58]} Qxf2 {[%emt 0:00:10]} 21. Re3 {[%emt 0:00:21]} f4 {[%emt 0:01:53]} 22. Rxe4 {[%emt 0:00:19]} Qg3+ {[%emt 0:00:25]} 23. Kh1 {[%emt 0:00:17]} f3 {[%emt 0:00:11]} 24. Re3 {[%emt 0:00:52]} Raf8 {[%emt 0:01:13]} 25. Qe1 {[%emt 0:06:31]} Qg5 {[%emt 0:00:08]} 26. Qf2 {[%emt 0:00:54]} fxg2+ {[%emt 0:00:59]} 27. Qxg2 {[%emt 0:00:01]} Qh6 {[%emt 0:00:03]} 28. Bxd3 {[%emt 0:00:13]} Rf2 {[%emt 0:01:15]} 29. Qg3 {[%emt 0:00:15]} Rxd2 {[%emt 0:00:18]} 30. Rg1 {[%emt 0:00:01]} Rff2 {[%emt 0:00:08]} 31. Rf3 Rxf3 32. Qxf3 Bxh3 33. Qg3 Bg2# 0-1

[Event "ESP-ch Rapid 2018"]
[Site "Linares"]
[Date "2018.08.19"]
[Round "1"]
[White "Gomez Gandolfo, Ruben"]
[Black "Gavilan Diaz, Mario"]
[Result "0-1"]
[WhiteElo "1855"]
[BlackElo "2334"]
[Annotator "NA"]
[PlyCount "76"]
[EventDate "2018.08.19"]
[EventType "team-tourn"]
[EventCountry "ESP"]
[SourceTitle "playchess.com"]
[Source "ChessBase"]
[SourceQuality "1"]
[TimeControl "900+5"]

1. Nf3 {[%emt 0:00:00]} d5 {[%emt 0:01:55]} 2. d4 {[%emt 0:00:00]} Nf6 {[%emt 0:00:04]} 3. c4 {[%emt 0:00:10]} c6 {[%emt 0:00:05]} 4. e3 {[%emt 0:00:06]} Bg4 {[%emt 0:00:26]} 5. h3 {[%emt 0:00:07]} Bh5 {[%emt 0:00:25]} 6. Nc3 {[%emt 0:00:04]} e6 {[%emt 0:00:06]} 7. Be2 {[%emt 0:00:18]} Nbd7 {[%emt 0:00:04]} 8. O-O {[%emt 0:00:04]} Bd6 {[%emt 0:00:09]} 9. cxd5 {[%emt 0:00:19]} exd5 {[%emt 0:00:05]} 10. Qc2 {[%emt 0:00:57]} O-O {[%emt 0:00:11]} 11. b3 {[%emt 0:00:12]} Re8 {[%emt 0:00:27]} 12. Nd2 {[%emt 0:00:46]} Bxe2 {[%emt 0:00:47]} 13. Nxe2 {[%emt 0:00:02]} Nf8 {[%emt 0:00:16]} 14. Bb2 {[%emt 0:01:10]} Ng6 {[%emt 0:00:10]} 15. Qf5 {[%emt 0:00:58]} h6 {[%emt 0:00:56]} 16. Qd3 {[%emt 0:01:40]} Ne4 {[%emt 0:01:46]} 17. f4 {[%emt 0:00:55]} Nxd2 {[%emt 0:02:32]} 18. Qxd2 {[%emt 0:00:02]} Qe7 {[%emt 0:00:01]} 19. Bc1 {[%emt 0:00:27]} Nh4 {[%emt 0:01:01]} 20. Ng3 {[%emt 0:00:09]} Qf6 {[%emt 0:00:22]} 21. Qd3 {[%emt 0:00:19]} Re7 {[%emt 0:00:54]} 22. Bd2 {[%emt 0:00:02]} Rae8 {[%emt 0:00:01]} 23. Rae1 {[%emt 0:00:07]} Qg6 {[%emt 0:00:51]} 24. Qxg6 {[%emt 0:00:14]} fxg6 {[%emt 0:00:01]} 25. Rf2 {[%emt 0:02:09]} g5 {[%emt 0:00:52]} 26. Ref1 {[%emt 0:00:30]} gxf4 {[%emt 0:00:36]} 27. exf4 {[%emt 0:00:04]} Kh7 {[%emt 0:00:03]} 28. Kh2 {[%emt 0:00:45]} c5 {[%emt 0:00:02]} 29. Bc3 {[%emt 0:00:36]} Re3 {[%emt 0:00:04]} 30. Bb2 {[%emt 0:00:22]} g5 {[%emt 0:00:06]} 31. Nh5 {[%emt 0:00:12]} Kg6 {[%emt 0:00:08]} 32. g3 {[%emt 0:00:39]} Kxh5 {[%emt 0:00:00]} 33. Bc1 {[%emt 0:01:17]} Re2 {[%emt 0:00:22]} 34. dxc5 {[%emt 0:00:23]} Bxc5 {[%emt 0:00:29]} 35. f5 {[%emt 0:00:31]} Nxf5 {[%emt 0:00:02]} 36. g4+ {[%emt 0:00:08]} Kh4 {[%emt 0:00:05]} 37. Rg2 {[%emt 0:01:09]} Rxg2+ {[%emt 0:00:21]} 38. Kxg2 {[%emt 0:00:01]} Re2+ {[%emt 0:00:01]} 0-1